| 000 | 00363nam a2200145Ia 4500 | ||
|---|---|---|---|
| 008 | 150201s2005 xx 000 0 und d | ||
| 082 |
_a611 _bA05W |
||
| 100 | _aWAUGH,ANNE | ||
| 245 | _aROSS AND WILSON ANATOMY & PHYSILOGY IN HEALTH & ILLNESS | ||
| 250 | _a9TH | ||
| 260 |
_bELSEVIER _aDLEHI _c2005 |
||
| 300 | _a1-484 | ||
| 650 | _aHUMAN ANATOMY | ||
| 942 |
_2ddc _cBK |
||
| 999 |
_c446 _d446 |
||